Encyclopaedia on Environment Protection and Pollution Laws (Record no. 1126109)

MARC details
000 -LEADER
fixed length control field 00372nam a2200133Ia 4500
008 - FIXED-LENGTH DATA ELEMENTS--GENERAL INFORMATION
fixed length control field 231229s2020 xx 000 0 und d
041 ## - LANGUAGE CODE
Language code of text/sound track or separate title eng
082 ## - DEWEY DECIMAL CLASSIFICATION NUMBER
Classification number 344.54046
Item number LAL
100 ## - MAIN ENTRY--PERSONAL NAME
Personal name LAL
245 ## - TITLE STATEMENT
Title Encyclopaedia on Environment Protection and Pollution Laws
250 ## - EDITION STATEMENT
Edition statement 6th (Vol. 1
260 ## - PUBLICATION, DISTRIBUTION, ETC.
Place of publication, distribution, etc. New Delhi
Name of publisher, distributor, etc. Delhi Law House New Delhi,
Date of publication, distribution, etc. 2020
300 ## - PHYSICAL DESCRIPTION
Extent v, Misc.

No items available.